00395nam a2200133 a 450000100100000000500170001000800410002704000250006808200150009310000160010824500640012426000520018830000210024000002116020200930011240.0100901s1946 xxu r 000 i spa d aDO-SdBNPbspacBNPHU axxxbL152c1 aLacy, G. H.10aComentario sobre la epístola a Los Efesios /cG. H. Lacy. aTexas :bCasa Bautista de Publicaciones,c1946. a188 p. ;c19 cm.